| 000 | 01102nam a22003497a 4500 | ||
|---|---|---|---|
| 001 | BR8303460 | ||
| 003 | BR-BrBNA | ||
| 005 | 20230928091711.0 | ||
| 007 | ta | ||
| 008 | 230509b bl.||||| |||| 00| 0 por d | ||
| 040 |
_aBR-BrBNA _bpor _cBiblioteca Nacional de Agricultura |
||
| 041 | _a(Fr) | ||
| 072 |
_aE70; L00; F00 _b/G514 |
||
| 090 | _ E70 BR8303460 | ||
| 110 | 1 |
_aDelegacia Federal de Agricultura do Rio Grande do Sul, Porto Alegre (Brasil) _93073 |
|
| 245 | 1 | _aQuelques chiffres a sujet de l'agriculture et de l'elevage a l'etat du Rio Grande do Sul - Bresil, septembre 1983 [agricultura, estatistica comercial, Brasil] | |
| 260 | 3 |
_aPorto Alegre, RS (Brasil): _c1983. |
|
| 300 | _a28 p. | ||
| 500 | _aNumerical data | ||
| 650 | _aPRODUCAO VEGETAL | ||
| 650 | _aPRODUCAO ANIMAL | ||
| 650 | _aABATE | ||
| 650 | _aESTATISTICA DE PRODUCAO | ||
| 650 | _aINSPECAO SANITARIA | ||
| 650 | _aDOENCA ANIMAL | ||
| 650 | _aPREVISAO DE SAFRA | ||
| 650 | _aIMPORTACAO | ||
| 650 | _aEXPORTACAO | ||
| 650 | _aRIO GRANDE DO SUL | ||
| 909 |
_a202309 _bLucia _c55 _dLucia Elande |
||
| 942 | _cBK | ||
| 999 |
_c35084 _d35084 |
||